Vista normal
Vista MARC
Entrada Topical Term
Número de registros utilizados en: 2
001 - CONTROL NUMBER
- control field: 4567
003 - CONTROL NUMBER IDENTIFIER
- control field: OSt
005 - DATE AND TIME OF LATEST TRANSACTION
- control field: 20200519202608.0
008 - FIXED-LENGTH DATA ELEMENTS
- fixed length control field: 200519|| aca||aabn | a|a d
040 ## - CATALOGING SOURCE
- Original cataloging agency: OSt
- Transcribing agency: OSt
150 ## - HEADING--TOPICAL TERM
- Topical term or geographic name entry element: Econometría
670 ## - SOURCE DATA FOUND
- Source citation: Work cat.: (OSt)5346: Lara Torres, Eduardo, autor 4563, Técnicas de medición económica : , 1987